00490nam a2200157Ia 4500008004100000020001800041082001400059100001800073245005100091250000700142260007000149300002300219500001900242600002100261650005000282240925s9999 xx 000 0 und d a9789351342786 a005.8 BER aBergman, Neil 0aHacking: mobile security secrets and solutions aNA aNew Delhi:bMcGraw Hill Education (India) Private Limitedc,2013. a662p.b0fOriginal aIncludes Index aComputer Science aComputer science, information & general works